| 000 | 00849cam a2200241 a 4500 | ||
|---|---|---|---|
| 999 |
_c50566 _d50566 |
||
| 001 | 15387359 | ||
| 005 | 20221114164709.0 | ||
| 008 | 080729s2010 njua b 001 0 eng | ||
| 020 | _a9780136033134x | ||
| 041 | _aeng | ||
| 080 | _a519.2(075.8) R-79 | ||
| 100 | 1 |
_aRoss, Sheldon M. _97102 |
|
| 245 | 1 | 2 |
_aA first course in probability / _cSheldon Ross. |
| 250 | _a8th ed. | ||
| 264 |
_aUpper Saddle River, N.J. : _bPearson Prentice Hall, _c2010. |
||
| 300 |
_axiii, 530 p. : _bill. ; _c26 cm. |
||
| 504 | _aIncludes bibliographical references and index. | ||
| 650 | 0 |
_aProbabilities _vTextbooks. _97103 |
|
| 653 | _aალბათობის პირველი კურსი | ||
| 653 | _aმათემატიკა | ||
| 856 | 4 | 1 |
_3Table of contents only _uhttp://www.loc.gov/catdir/toc/ecip0824/2008033720.html |
| 942 |
_2udc _cBK |
||